Sobre las intervenciones de los EEUU en Nicaragua. Sentencia del Tribunal Permanente de los Pueblos, Bruselas

Guardado en:
Bibliografiske detaljer
Institution som forfatter: IEPALA
Format: Texto
Udgivet: Madrid: IEPALA
Tags: Tilføj Tag
Ingen Tags, Vær først til at tagge denne postø!

MARC

LEADER 00000 a a2200000 04500
001 24621
003
040 |a CRAI/IIS  |c CRAI/IIS 
090 |a 169700  
110 |a IEPALA  
245 |a Sobre las intervenciones de los EEUU en Nicaragua. Sentencia del Tribunal Permanente de los Pueblos, Bruselas  
260 |a Madrid:   |b IEPALA  
300 |a 34 p  
999 |c 6273  |d 6273